Los bienes intangibles y los intereses en los costos de producción analizados con enfoque en la contabilidad de gestión

Guardado en:
Detalles Bibliográficos
Autor principal: Biondi, Mario
Formato: Desconocido
Aporte de:Registro referencial: Solicitar el recurso aquí
LEADER 00408 a2200109 4500
001 ART_7697
005 20260410161720.0
008 260409a
245 1 0 |a Los bienes intangibles y los intereses en los costos de producción analizados con enfoque en la contabilidad de gestión 
100 1 |a Biondi, Mario 
773 0 |t Contabilidad y auditoría  |g - Año 15, Nº 30 (dic. 2009)  |w REV1723 
999 |c 16921  |d 16921